| 000 | 00769 am a2200241K 4500 | ||
|---|---|---|---|
| 001 | 200467126 | ||
| 003 | TR-AnTOB | ||
| 005 | 20260116170453.0 | ||
| 008 | 040901s1957 paua d 00110 eng | ||
| 040 |
_aHKUT _cTR-AnTOB |
||
| 049 | _aHUBEY | ||
| 090 | _aWV 100 Bal 1957 | ||
| 100 | 1 | _aBallenger, Howard Charles. | |
| 245 | 1 | 0 |
_aDiseases of the nose, throat and ear / _cH. C. Ballenger and J.J. Ballenger. |
| 250 | _a10th ed. | ||
| 260 |
_aPhiladlphia : _bLea and Febiger, _c1957. |
||
| 300 | _a968 s. | ||
| 700 | 1 | 0 | _aBallenger, John J., ort. yaz. |
| 907 |
_a.b11056654 _b05-01-07 _c05-01-07 |
||
| 942 |
_2NLM _cBK |
||
| 945 |
_g1 _i255070201000007088467 _i0087837 _j0 _lhlge1 _o- _pYTL1,00 _q- _r- _s- _t0 _u0 _v0 _w0 _x0 _y.i11379145 _z05-01-07 |
||
| 999 |
_c200467126 _d85338 |
||